The Ludwig Conspiracy (Record no. 282152)
[ view plain ]
| 000 -LEADER | |
|---|---|
| fixed length control field | 02104nim a22004451i 4500 |
| 005 - DATE AND TIME OF LATEST TRANSACTION | |
| control field | 20200320191723.0 |
| 007 - PHYSICAL DESCRIPTION FIXED FIELD--GENERAL INFORMATION | |
| fixed length control field | sd fungnnmmneu |
| 008 - FIXED-LENGTH DATA ELEMENTS--GENERAL INFORMATION | |
| fixed length control field | 130820s2013 mnunnnn z n eng d |
| 020 ## - INTERNATIONAL STANDARD BOOK NUMBER | |
| International Standard Book Number | 9781622311989 |
| 035 ## - SYSTEM CONTROL NUMBER | |
| System control number | (OCoLC)832287366 |
| 040 ## - CATALOGING SOURCE | |
| Original cataloging agency | MM LLC |
| Language of cataloging | eng |
| Transcribing agency | MM LLC |
| Description conventions | rda |
| 043 ## - GEOGRAPHIC AREA CODE | |
| Geographic area code | n-us--- |
| 082 00 - DEWEY DECIMAL CLASSIFICATION NUMBER | |
| Classification number | 833/.92 |
| Edition number | 23 |
| 100 1# - MAIN ENTRY--PERSONAL NAME | |
| Personal name | Potzsch, Oliver. |
| 9 (RLIN) | 5699171 |
| 240 10 - UNIFORM TITLE | |
| Uniform title | <a href="Ludwig Verschworung.">Ludwig Verschworung.</a> |
| Language of a work | English |
| 245 14 - TITLE STATEMENT | |
| Title | The Ludwig Conspiracy |
| Medium | [sound recording]: |
| Remainder of title | a historical thriller / |
| Statement of responsibility, etc | Oliver Potzsch ; [translated by Anthea Bell]. |
| 250 ## - EDITION STATEMENT | |
| Edition statement | Unabridged. |
| 260 ## - PUBLICATION, DISTRIBUTION, ETC. (IMPRINT) | |
| Place of publication, distribution, etc | [Minneapolis, MN] : |
| Name of publisher, distributor, etc | Highbridge Co., |
| Date of publication, distribution, etc | [2013] |
| 300 ## - PHYSICAL DESCRIPTION | |
| Extent | 12 sound discs (ca. 14 hr., 45 min.) : |
| Other physical details | digital, CD audio ; |
| Dimensions | 4 3/4 in. |
| 336 ## - Content Type | |
| Content type term | spoken word |
| 337 ## - Media type | |
| Media type term | audio |
| 338 ## - Carrier type | |
| Carrier type term | audio disc |
| 344 ## - | |
| -- | digital |
| -- | optical |
| -- | rda. |
| 347 ## - | |
| -- | CD audio |
| -- | rda. |
| 500 ## - GENERAL NOTE | |
| General note | Compact discs. |
| 511 0# - PARTICIPANT OR PERFORMER NOTE | |
| Participant or performer note | Read by Simon Vance. |
| 520 ## - SUMMARY, ETC. | |
| Summary, etc | The accidental discovery of an encoded diary by antiquarian bookseller Steven Lukas contains a deadly secret that links his fate to the tragic end of the 19th Century Fairytale King, Ludwig II of Bavaria. Steven consults with art historian Sara Lengfeld. Soon they find themselves on the run together, investigating each of Ludwig's three castles for clues as to just what in that ancient diary could be so explosive as to be worth killing and even dying for. |
| 600 00 - SUBJECT ADDED ENTRY--PERSONAL NAME | |
| Personal name | Ludwig |
| Numeration | II, |
| Titles and other words associated with a name | King of Bavaria, |
| Dates associated with a name | 1845-1886 |
| Form subdivision | Fiction. |
| 9 (RLIN) | 5883719 |
| 650 #0 - SUBJECT ADDED ENTRY--TOPICAL TERM | |
| Topical term or geographic name as entry element | Diaries |
| Form subdivision | Fiction. |
| 9 (RLIN) | 5674805 |
| 650 #0 - SUBJECT ADDED ENTRY--TOPICAL TERM | |
| Topical term or geographic name as entry element | Conspiracies |
| Form subdivision | Fiction. |
| 9 (RLIN) | 5673860 |
| 655 #7 - INDEX TERM--GENRE/FORM | |
| Genre/form data or focus term | Audiobooks. |
| Source of term | lcgft. |
| 9 (RLIN) | 5883720 |
| 655 #7 - INDEX TERM--GENRE/FORM | |
| Genre/form data or focus term | Mystery fiction. |
| Source of term | gsafd |
| 9 (RLIN) | 5883721 |
| 655 #7 - INDEX TERM--GENRE/FORM | |
| Genre/form data or focus term | Suspense fiction. |
| Source of term | gsafd |
| 9 (RLIN) | 5883722 |
| 655 #7 - INDEX TERM--GENRE/FORM | |
| Genre/form data or focus term | Historical fiction. |
| Source of term | gsafd |
| 9 (RLIN) | 5883723 |
| 700 1# - ADDED ENTRY--PERSONAL NAME | |
| Personal name | Vance, Simon. |
| Relator code | nrt. |
| 9 (RLIN) | 71296 |
| 700 1# - ADDED ENTRY--PERSONAL NAME | |
| Personal name | Bell, Anthea, |
| Relator term | translator. |
| 9 (RLIN) | 10952 |
| 942 ## - ADDED ENTRY ELEMENTS (KOHA) | |
| Koha item type | CD |
| 948 ## - LOCAL PROCESSING INFORMATION (OCLC); SERIES PART DESIGNATOR (RLIN) | |
| Series part designator, SPT (RLIN) | 11/13/2013 |
| z (OCLC) | Sirsi |
| 996 ## - | |
| -- | 104754 |
| -- | 34301001259110 |
| -- | CD |
| -- | CD |
| -- | wcl |
| -- | i |
| -- | 11 |
| -- | 39.95 |
| -- | .CIRCNOTE. 12 discs |
| -- | micro |
| -- | Pot |
| -- | 11/15/2013 |
| -- | 12/02/2019 |
| -- | 10/22/2019 |
| Withdrawn status | Lost status | Source of classification or shelving scheme | Materials specified (bound volume or other part) | Damaged status | Not for loan | Collection code | Home library | Current library | Shelving location | Date acquired | Source of acquisition | Cost, normal purchase price | Total Checkouts | Total Renewals | Full call number | Barcode | Date last seen | Date checked out | Cost, replacement price | Price effective from | Koha item type |
|---|---|---|---|---|---|---|---|---|---|---|---|---|---|---|---|---|---|---|---|---|---|
| Dewey Decimal Classification | .CIRCNOTE. 12 discs | Audiobooks | Wasatch County Library | Wasatch County Library | Second Floor | 11/15/2013 | 39.95 | 13 | 2 | CD Pot | 34301001259110 | 03/07/2024 | 10/19/2022 | 39.95 | 03/20/2020 | Audiobook on CD |
